000 00877cab a22001935a 4500
001 L138170
008 070521e20070517xxk f 000 0 eng d
035 _a(Sirsi) u138170
041 0 _aeng
100 1 _aMenary, Steve
245 0 0 _aLaing O'Rourke on the rise
260 _c2007
490 0 _aConstruction News
_v(7018) 17 May 2007, 18-20(2)
520 _aMonthly league compiled by Emap Glenigan showing Davis Langdon heading the quantity surveying table for 12 months to April 2007, with total orders reaching £2 533.7m. Gardiner and Theobald were runners up, with Faithful and Gould in third place. Laing O'Rourke headed the contractor?s league for April 2007, although Balfour Beatty remained at the top for the 12 months to April.
590 _aKA
651 4 _aUnited Kingdom
_y
690 _aBUILT ENVIRONMENT-QUANTITY SURVEYING-QUANTITY SURVEYORS
942 _n0
999 _c78810
_d78810